00842nam a22001937a 4500003000900000008004100009020001500050040007100065082002000136100001800156245008600174260008400260300002600344505020200370650002700572650001400599650001600613700001900629AR-CdUCM190226b ||||| |||| 00| 0 spa d a9972691543 aMUNICIPALIDAD PROVINCIAL DEL CUSCOcBIBLIOTECA MUNICIPAL DEL CUSCO a320.985 /bAU88 aAuroi, Claude a¿A dónde va el Perú? :bBalance del fujimorismo y preguntas para el futuro / aCusco :bCentro de Estudios Regionales Andinos Bartolomé de Las Casas;c2002. a160 paginas ;c21 cm. aFujimorismo, organizaciones sociales y clientelismo -- La política económica del fujimorismo -- Perú: Los desafíos del desempleo y la pobreza -- Hacia la restauración de lo político ... aPolítica económica a1990-2000 aFujimorismo aBossio, Sandra